Moderní metody udržení stávajícího zákazníka

Niekoľko rád ako si udržať zákazníkov. Ako spoznať tendenciu klienta k obchodu. Aj malé zisky sú zisky. Segmentácia zákazníkov. Poznanie postoja zákazníka. Trendy udržania si zákazníkov.

Salvato in:
Dettagli Bibliografici
Autore principale: Uldrich, Miloš
Natura: Capitolo di libro
Lingua:ceco
Soggetti:
Tags: Aggiungi Tag
Nessun Tag, puoi essere il primo ad aggiungerne!!

MARC

LEADER 00000naa a2200000 4500
001 0160956
005 20240315070621.0
041 0 |a cze 
044 |a CZ 
245 1 0 |a Moderní metody udržení stávajícího zákazníka  |c Miloš Uldrich 
520 |a Niekoľko rád ako si udržať zákazníkov. Ako spoznať tendenciu klienta k obchodu. Aj malé zisky sú zisky. Segmentácia zákazníkov. Poznanie postoja zákazníka. Trendy udržania si zákazníkov. 
610 2 0 |a marketing 
610 2 0 |a zákazníci 
610 2 0 |a riadenie vzťahov so zákazníkmi 
610 2 0 |a obchod 
610 2 0 |a segmentácia 
610 2 0 |a prieskum 
610 2 0 |a dotazníky 
610 2 0 |a lojálnosť zákazníkov 
610 2 0 |a programy vernostné 
100 1 |a Uldrich, Miloš